| 000 | 01264nam a2200325 a 4500 | ||
|---|---|---|---|
| 001 | ebr10671040 | ||
| 003 | CaPaEBR | ||
| 006 | m u | ||
| 007 | cr cn||||||||| | ||
| 008 | 090818s2010 nyuab sb 001 0 eng d | ||
| 010 | _z 2009030352 | ||
| 020 | _z9781606924365 (hardcover) | ||
| 020 | _z9781613246320 (e-book) | ||
| 040 |
_aCaPaEBR _cCaPaEBR |
||
| 035 | _a(OCoLC)760887110 | ||
| 043 |
_aa-gs--- _ae-urk-- |
||
| 050 | 1 | 4 |
_aJZ1710.A5 _bG46 2010eb |
| 082 | 0 | 4 |
_a947.5808/6 _222 |
| 245 | 0 | 0 |
_aGeorgia and the Caucasus region _h[electronic resource] / _cFran W. Haro, editor. |
| 260 |
_aNew York : _bNova Science Publishers, _cc2010. |
||
| 300 |
_axi, 147 p. : _bill. (some col.), maps. |
||
| 504 | _aIncludes bibliographical references and index. | ||
| 533 |
_aElectronic reproduction. _bPalo Alto, Calif. : _cebrary, _d2013. _nAvailable via World Wide Web. _nAccess may be limited to ebrary affiliated libraries. |
||
| 651 | 0 |
_aGeorgia (Republic) _xForeign relations. |
|
| 651 | 0 |
_aCaucasus _xForeign relations. |
|
| 655 | 7 |
_aElectronic books. _2local |
|
| 700 | 1 | _aHaro, Fran W. | |
| 710 | 2 | _aebrary, Inc. | |
| 856 | 4 | 0 |
_uhttp://site.ebrary.com/lib/rucke/Doc?id=10671040 _zAn electronic book accessible through the World Wide Web; click to view |
| 999 |
_c62244 _d62244 |
||